LIBRARY & INFORMATION CENTRE, KCAET, TAVANUR

ONLINE PUBLIC ACCESS CATALOGUE (OPAC)

Practice of Veterinary Medicine / (Record no. 1508)

MARC details
000 -LEADER
fixed length control field 00300cam a2200121ua 4500
082 ## - DEWEY DECIMAL CLASSIFICATION NUMBER
Classification number 636.089
Item number UDA/PR
100 ## - MAIN ENTRY--AUTHOR NAME
Personal name Udall, D. H .
245 ## - TITLE STATEMENT
Title Practice of Veterinary Medicine /
250 ## - EDITION STATEMENT
Edition statement 6 /
260 ## - PUBLICATION, DISTRIBUTION, ETC. (IMPRINT)
Place of publication Calcutta :
Name of publisher Oxford University Press ,
Year of publication 1964.
300 ## - PHYSICAL DESCRIPTION
Number of Pages 811 ; .
942 ## - ADDED ENTRY ELEMENTS (KOHA)
Koha item type Books
Holdings
Withdrawn status Lost status Damaged status Home library Current library Date acquired Full call number Accession Number Koha item type
      KAUAET KAUAET 07/04/2012 636.089 10372 Books
      KAUAET KAUAET 07/04/2012 636.089 14050 Books
free website counter